000
00359nam a2200169Ia 4500
003
0STCL
008
150530s9999 xx 000 0 und d
040
_a
STCL
_c
STCL
100
_a
Milne, A.A.
245
_a
Not that it matters
250
_a
Fifth
260
_c
1924
546
_a
English
942
_2
ddc
_c
BK
999
_c
61090
_d
61090
005
20220125171146.0